<?xml version="1.0" encoding="UTF-8"?>
<record
    xmlns:xsi="http://www.w3.org/2001/XMLSchema-instance"
    xsi:schemaLocation="http://www.loc.gov/MARC21/slim http://www.loc.gov/standards/marcxml/schema/MARC21slim.xsd"
    xmlns="http://www.loc.gov/MARC21/slim">

  <leader>01181nam a22002897a 4500</leader>
  <datafield tag="999" ind1=" " ind2=" ">
    <subfield code="c">176981</subfield>
    <subfield code="d">176981</subfield>
  </datafield>
  <controlfield tag="005">20210204145515.0</controlfield>
  <datafield tag="010" ind1=" " ind2=" ">
    <subfield code="a">ENG-128956-60</subfield>
  </datafield>
  <datafield tag="020" ind1=" " ind2=" ">
    <subfield code="c">559.80 (Book 1) (Rs. 2799.00 for full Set of 7 books)</subfield>
    <subfield code="a">978-81-265-6625-9</subfield>
  </datafield>
  <datafield tag="020" ind1=" " ind2=" ">
    <subfield code="c">559.80 (Book 2) (Rs. 2799.00 for full Set of 7 books)</subfield>
    <subfield code="a">978-81-265-6625-9</subfield>
  </datafield>
  <datafield tag="020" ind1=" " ind2=" ">
    <subfield code="c">559.80 (Book 3) (Rs. 2799.00 for full Set of 7 books)</subfield>
    <subfield code="a">978-81-265-6625-9</subfield>
  </datafield>
  <datafield tag="020" ind1=" " ind2=" ">
    <subfield code="c">559.80 (Book 4) (Rs. 2799.00 for full Set of 7 books)</subfield>
    <subfield code="a">978-81-265-6626-6</subfield>
  </datafield>
  <datafield tag="020" ind1=" " ind2=" ">
    <subfield code="c">559.80 (Book 5) (Rs. 2799.00 for full Set of 7 books)</subfield>
    <subfield code="a">978-81-265-6626-6</subfield>
  </datafield>
  <datafield tag="035" ind1=" " ind2=" ">
    <subfield code="a">EN-112488 (Book 1)</subfield>
  </datafield>
  <datafield tag="035" ind1=" " ind2=" ">
    <subfield code="a">EN-112489 (Book 2)</subfield>
  </datafield>
  <datafield tag="035" ind1=" " ind2=" ">
    <subfield code="a">EN-112490 (Book 3)</subfield>
  </datafield>
  <datafield tag="035" ind1=" " ind2=" ">
    <subfield code="a">EN-112491 (Book 4)</subfield>
  </datafield>
  <datafield tag="035" ind1=" " ind2=" ">
    <subfield code="a">EN-112492 (Book 5)</subfield>
  </datafield>
  <datafield tag="037" ind1=" " ind2=" ">
    <subfield code="b">DBAD/PUB</subfield>
  </datafield>
  <datafield tag="082" ind1=" " ind2=" ">
    <subfield code="a">510</subfield>
  </datafield>
  <datafield tag="245" ind1=" " ind2=" ">
    <subfield code="a">Mathematics for JEE Main and Advanced </subfield>
  </datafield>
  <datafield tag="250" ind1=" " ind2=" ">
    <subfield code="a">2nd</subfield>
  </datafield>
  <datafield tag="260" ind1=" " ind2=" ">
    <subfield code="a">New Delhi</subfield>
    <subfield code="b">Wiley India Pvt. Ltd.</subfield>
    <subfield code="c">2017</subfield>
  </datafield>
  <datafield tag="270" ind1=" " ind2=" ">
    <subfield code="b">New Delhi</subfield>
    <subfield code="a">4435-36/7, Ansari Road, Daryaganj</subfield>
    <subfield code="e">110002</subfield>
    <subfield code="k">1143630000</subfield>
    <subfield code="l">112375895</subfield>
    <subfield code="m">csupport@gmail.com</subfield>
  </datafield>
  <datafield tag="300" ind1=" " ind2=" ">
    <subfield code="a">various pages.</subfield>
    <subfield code="c">28cm(pbk)</subfield>
  </datafield>
  <datafield tag="490" ind1=" " ind2=" ">
    <subfield code="v">Book 1-3 for Class 11; Book 4-5 for Class 12</subfield>
  </datafield>
  <datafield tag="942" ind1=" " ind2=" ">
    <subfield code="2">ddc</subfield>
    <subfield code="c">EN</subfield>
    <subfield code="h">510</subfield>
    <subfield code="m">MAT</subfield>
  </datafield>
  <datafield tag="952" ind1=" " ind2=" ">
    <subfield code="0">0</subfield>
    <subfield code="1">0</subfield>
    <subfield code="3">Book 1</subfield>
    <subfield code="4">0</subfield>
    <subfield code="7">0</subfield>
    <subfield code="8">NFIC</subfield>
    <subfield code="a">BN</subfield>
    <subfield code="b">BN</subfield>
    <subfield code="d">2021-02-04</subfield>
    <subfield code="e">DBAD/PUB</subfield>
    <subfield code="g">559.80</subfield>
    <subfield code="l">8</subfield>
    <subfield code="m">2</subfield>
    <subfield code="o">510 MAT</subfield>
    <subfield code="p">EN-112488</subfield>
    <subfield code="r">2025-10-24 00:00:00</subfield>
    <subfield code="s">2024-05-20</subfield>
    <subfield code="t">1</subfield>
    <subfield code="v">559.80</subfield>
    <subfield code="y">EN</subfield>
  </datafield>
  <datafield tag="952" ind1=" " ind2=" ">
    <subfield code="0">0</subfield>
    <subfield code="1">0</subfield>
    <subfield code="3">Book 2</subfield>
    <subfield code="4">0</subfield>
    <subfield code="7">0</subfield>
    <subfield code="8">NFIC</subfield>
    <subfield code="a">BN</subfield>
    <subfield code="b">BN</subfield>
    <subfield code="d">2021-02-04</subfield>
    <subfield code="e">DBAD/PUB</subfield>
    <subfield code="g">559.80</subfield>
    <subfield code="l">3</subfield>
    <subfield code="o">510 MAT</subfield>
    <subfield code="p">EN-112489</subfield>
    <subfield code="r">2022-01-14 00:00:00</subfield>
    <subfield code="s">2022-01-03</subfield>
    <subfield code="t">1</subfield>
    <subfield code="v">559.80</subfield>
    <subfield code="y">EN</subfield>
  </datafield>
  <datafield tag="952" ind1=" " ind2=" ">
    <subfield code="0">0</subfield>
    <subfield code="1">0</subfield>
    <subfield code="3">Book 3</subfield>
    <subfield code="4">0</subfield>
    <subfield code="7">0</subfield>
    <subfield code="8">NFIC</subfield>
    <subfield code="a">BN</subfield>
    <subfield code="b">BN</subfield>
    <subfield code="d">2021-02-04</subfield>
    <subfield code="e">DBAD/PUB</subfield>
    <subfield code="g">559.80</subfield>
    <subfield code="l">2</subfield>
    <subfield code="o">510 MAT</subfield>
    <subfield code="p">EN-112490</subfield>
    <subfield code="r">2022-01-19 00:00:00</subfield>
    <subfield code="s">2022-01-06</subfield>
    <subfield code="t">1</subfield>
    <subfield code="v">559.80</subfield>
    <subfield code="y">EN</subfield>
  </datafield>
  <datafield tag="952" ind1=" " ind2=" ">
    <subfield code="0">0</subfield>
    <subfield code="1">0</subfield>
    <subfield code="3">Book 4</subfield>
    <subfield code="4">0</subfield>
    <subfield code="7">0</subfield>
    <subfield code="8">NFIC</subfield>
    <subfield code="a">BN</subfield>
    <subfield code="b">BN</subfield>
    <subfield code="d">2021-02-04</subfield>
    <subfield code="e">DBAD/PUB</subfield>
    <subfield code="g">559.80</subfield>
    <subfield code="l">5</subfield>
    <subfield code="o">510 MAT</subfield>
    <subfield code="p">EN-112491</subfield>
    <subfield code="r">2023-05-03 00:00:00</subfield>
    <subfield code="s">2023-04-26</subfield>
    <subfield code="t">1</subfield>
    <subfield code="v">559.80</subfield>
    <subfield code="y">EN</subfield>
  </datafield>
  <datafield tag="952" ind1=" " ind2=" ">
    <subfield code="0">0</subfield>
    <subfield code="1">0</subfield>
    <subfield code="3">Book 5</subfield>
    <subfield code="4">0</subfield>
    <subfield code="7">0</subfield>
    <subfield code="8">NFIC</subfield>
    <subfield code="a">BN</subfield>
    <subfield code="b">BN</subfield>
    <subfield code="d">2021-02-04</subfield>
    <subfield code="e">DBAD/PUB</subfield>
    <subfield code="g">559.80</subfield>
    <subfield code="l">10</subfield>
    <subfield code="m">2</subfield>
    <subfield code="o">510 MAT</subfield>
    <subfield code="p">EN-112492</subfield>
    <subfield code="r">2024-05-27 00:00:00</subfield>
    <subfield code="s">2024-05-10</subfield>
    <subfield code="t">1</subfield>
    <subfield code="v">559.00</subfield>
    <subfield code="y">EN</subfield>
  </datafield>
</record>
